Geografía industrial
Salvato in:
| Autori principali: | , |
|---|---|
| Natura: | Libro |
| Lingua: | spagnolo |
| Pubblicazione: |
Madrid
Akal
1988
|
| Edizione: | 1a. ed |
| Serie: | Colección Geografía Humana y Económica
|
| Soggetti: | |
| Tags: |
Aggiungi Tag
Nessun Tag, puoi essere il primo ad aggiungerne!!
|
MARC
| LEADER | 00000cam a2200000 a 4500 | ||
|---|---|---|---|
| 001 | UCP3952 | ||
| 003 | CL-VaPUC | ||
| 008 | 990709e19880000SP |||||||||||||||||spa|d | ||
| 020 | |a 847600155X | ||
| 082 | 0 | 4 | |a 338.09 |b JUA |2 21 |
| 100 | 0 | |a Juarranz, José María |e author |9 431360 | |
| 700 | 0 | |a Vicente, Esther |e author |9 431361 | |
| 245 | 1 | 0 | |a Geografía industrial |
| 250 | |a 1a. ed | ||
| 300 | |a 63 p | ||
| 942 | |c BK | ||
| 945 | |d 19990709 00:00:00 |a vberengu | ||
| 260 | |a Madrid |b Akal |c 1988 | ||
| 650 | 0 | |a Industrias |9 263688 | |
| 650 | 0 | |a Geografía |9 259346 | |
| 650 | 0 | |a Geografía urbana |9 267904 | |
| 583 | |a last modification |c 20140331 07:25:43 |k Rodrigo Vera | ||
| 490 | 0 | |a Colección Geografía Humana y Económica | |
| 999 | |c 282063 |d 282061 | ||
| 952 | |0 0 |1 0 |4 0 |6 338_090000000000000_JUA_1988 |7 0 |8 A |9 323465 |a BIBING |b BIBING |d 2019-11-20 |i 3537137 |o 338.09 JUA 1988 |p 3537137 |r 2025-01-20 |w 2019-11-20 |y BK |k GEO | ||
| 952 | |0 0 |1 0 |3 erb |4 0 |6 338_090000000000000_JUA_1988 |7 0 |8 A |9 323466 |a BIBING |b BIBING |i 506578K |o 338.09 JUA 1988 |p 506578K |r 2025-01-20 |w 2019-11-20 |y BK |z Catalogado en:20140407 |k GEO | ||